000 02772nam a22009977a 4500
003 OSt
005 20240306073904.0
007 ta
008 210205e2007 dr ac||gr 00| 0 spa d
040 _aDO-SdBNP
_bspa
_cBNPHU
041 _hspa
082 _aBNPHU- 923.27293
_bD812i, 2007
245 _aIdeario de Duarte /
_cCompilado por Vetilio Alfau Durán.
250 _a20ª ed.
260 _aSanto Domingo :
_bInstituto Duartiano ,
_c2007
300 _a[32 pg.] ,
_bil. fotos ;
_c13 cm
504 _aIncluye nota bibliográfica, pg. 10-11
505 0 _aFundación de la sociedad secreta la Trinitaria.
505 0 _aJuan Pablo Duarte. fundador de la República.
505 0 _aLiminar.
505 0 _aIdeario:
_tJuramento trinitario.
505 0 _tLa independencia nacional.
505 0 _tPatriotismo.
505 0 _tMente sana en cuerpo sano.
505 0 _tPatria Libre.
505 0 _aLas ideas.
505 0 _aProvidencialismo.
505 0 _aEl crimen.
505 0 _aJusticia.
505 0 _aLos libertos.
505 0 _aTrabajo.
505 0 _aPatriotismo.
505 0 _aaprovechar el tiempo.
505 0 _aAmistad.
505 0 _aEnemigos de la patria.
505 0 _aLos orcopolistas.
505 0 _aLa ley.
505 0 _aPoder.
505 0 _aSoberanía.
505 0 _aLa declaración.
505 0 _aFilantropía.
505 0 _aDerechos y deberes.
505 0 _aAutoridad ilegítima
505 0 _aLa Nación.
505 0 _aReligión.
505 0 _aEl proscrito.
505 0 _aVuelta a la patria.
505 0 _aPerseverancia.
505 0 _aLos traidores.
505 0 _aAutoridad.
505 0 _aNacionalismo.
505 0 _aLos proteccionistas.
505 0 _aFé patriótica
505 0 _aCausa de la Patria.
505 0 _aLa generación venidera.
505 0 _aConcordia.
505 0 _aSed justos.
505 0 _aLa política.
505 0 _ael buen ejemplo
505 0 _aLa juventud.
505 0 _aDios, Patria y libertad.
505 0 _aDominicanos y haitianos.
505 0 _aEl pueblo haitiano.
505 0 _aProteccionismo.
505 0 _aDemagogia.
505 0 _aLa cruz.
505 0 _aBien general.
505 0 _aJusticia.
505 0 _aRetorno a la Patria.
505 0 _aSentimiento Nacional.
505 0 _aUnidad de las razas.
505 0 _aEl martirio.
505 0 _aEl esclavo.
505 0 _aEl libre.
505 0 _aVencer o morir.
505 0 _aPasaron las glorias.
505 0 _aPurgar la tierra.
505 0 _aLos libres.
505 0 _aLa libertad.
505 0 _aLamento.
505 0 _aEl mendigo.
505 0 _aEl patricio.
505 0 _aEl expatriado.
700 1 1 _aAlfau Durán, Vetilio,
_d1909-1985
_ecomp.
_910091
942 _2ddc
_cLF2
999 _c49359
_d49359